| 000 | 00975nam a2200253 a 4500 | ||
|---|---|---|---|
| 001 | 000022547 | ||
| 005 | 20200930021652.0 | ||
| 008 | 101013s2003 pr c 000 0 spa d | ||
| 020 | _a1881715248 | ||
| 040 |
_aDO-SdBNP _bspa _cBNPHU |
||
| 082 | _a972.95 | ||
| 245 | 0 | 0 |
_aPuerto Rico : _bsociedad, cultura y educación / _cantólogos Carlos Di Nbila y Carmen Rodríguez Cortés ; corrección Homero Martínez. |
| 250 | _a2a ed. | ||
| 260 |
_aSanto Domingo : _bIsla Negra, _c2003. |
||
| 300 |
_a231 p. : _bretrs. ; _c23 cm. |
||
| 490 | 1 | _aAcademia contempornea | |
| 504 | _aIncluye referencias bibliográficas y notas al pie de las páginas | ||
| 650 | 4 |
_aEducación _xAspecto sociales _zPuerto Rico _946407 |
|
| 650 | 4 |
_aAntropología de la educación _zPuerto Rico _946408 |
|
| 650 | 4 |
_aEducación _xAspecto sociales _xHistoria _zPuerto Rico _946409 |
|
| 700 | 1 |
_aDi Nbila, Carlos _946410 |
|
| 700 | 1 |
_aRodríguez Cortés _946411 |
|
| 700 | 1 |
_aMartínez, Homero, _ecorr. _946412 |
|
| 999 |
_c22044 _d22044 |
||